000 01145nam a22003017i 4500
003 EG-ScBUE
005 20221129111210.0
008 220731s1993 ua f b 000 0 ara d
017 _a1993 / 8266
020 _a9770134767
040 _aEG-ScBUE
_bara
_erda
_cEG-ScBUE
_dEG-ScBUE
082 0 4 _222
_a303.625
_bف ن ج
100 1 _a‪فنجري، أحمد شوقي،
_d1925-
_eمؤلف.
245 1 2 _a‪التطرف والإرهاب :
_b‪محنة العالم الإسلامي : دينيا- وسياسيا- واجتماعيا /
_cد. أحمد شوقي الفنجري.
264 1 _a[القاهرة] :
_bالهيئة المصرية العامة للكتاب،
_c1993.
300 _a131 صفحة ؛
_c20 سم.
336 _2rdacontent
_aنص
_btxt
337 _2rdamedia
_aبدون وسيط
_bn
338 _2rdacarrier
_aمجلد
_bnc
490 0 _aالمواجهة
504 _aيشتمل على إرجاعات ببليوجرافية.
541 _aBook from store.
650 7 _a‪الإرهاب.
_2BUEsh
650 7 _a‪التطرف الديني.
_2BUEsh
653 _bGGEN
_cNovember2022
655 _vReading book
942 _2ddc
999 _c30055
_d30026